[Event "37th ECC Open 2022"]
[Site "Mayrhofen AUT"]
[Date "2022.10.08"]
[Round "6.10"]
[Board "2"]
[White "Erenberg, Ariel"]
[Black "De Schampheleire, Glen"]
[Result "1/2-1/2"]
[WhiteTitle "IM"]
[BlackTitle "IM"]
[WhiteElo "2516"]
[BlackElo "2386"]
[WhiteTeam "Kfar Saba Chess Club"]
[BlackTeam "KBSK Brugge"]
[WhiteFideId "2811634"]
[BlackFideId "208701"]
[EventDate "2022.10.03"]

1. Nf3 d5 2. g3 g6 3. Bg2 Bg7 4. O-O e5 5. d3 Ne7 6. Nbd2 O-O 7. e4 Nbc6 8. exd5
Nxd5 9. Re1 Re8 10. c3 h6 11. Qc2 a5 12. a4 Nb6 13. h3 Be6 14. Ne4 Nd7 15. Be3
f5 16. Nc5 Nxc5 17. Bxc5 Qd7 18. Rad1 Qf7 19. Nd2 Rad8 20. Ba3 Rd7 21. b3 Red8
22. Nc4 Bd5 23. Qe2 Bxg2 24. Kxg2 Qd5+ 25. Kg1 b5 26. axb5 Qxb5 27. Qc2 Rb8 28.
Rb1 Rbd8 29. Rbd1 Rb8 30. Rb1 Rbd8 31. Red1 Qd5 32. Qe2 f4 33. Rd2 h5 34. gxf4
exf4 35. d4 f3 36. Qf1 Bh6 37. Rdd1 Rf7 38. Ne5 Nxe5 39. dxe5 Bd2 40. Bc1 Qxe5
41. Bxd2 Rxd2 42. Rxd2 Qg5+ 43. Kh1 Qxd2 44. Qa6 Kg7 45. Rg1 Rf6 46. Qxa5 Qxf2
47. Qxc7+ Rf7 48. Qe5+ Rf6 49. Qe7+ Rf7 50. Qe5+ Rf6 51. Qe7+ 1/2-1/2

[Event "37th ECC Open 2022"]
[Site "Mayrhofen AUT"]
[Date "2022.10.08"]
[Round "6.10"]
[Board "3"]
[White "Decoster, Frederic"]
[Black "Gorshtein, Ido"]
[Result "0-1"]
[WhiteTitle "FM"]
[BlackTitle "IM"]
[WhiteElo "2314"]
[BlackElo "2471"]
[WhiteTeam "KBSK Brugge"]
[BlackTeam "Kfar Saba Chess Club"]
[WhiteFideId "204269"]
[BlackFideId "2815532"]
[EventDate "2022.10.03"]

1. e4 c5 2. Nf3 Nc6 3. d4 cxd4 4. Nxd4 Nf6 5. Nc3 e5 6. Ndb5 d6 7. Bg5 a6 8. Na3
b5 9. Nab1 Be7 10. Bxf6 Bxf6 11. a4 b4 12. Nd5 O-O 13. Bc4 Bg5 14. O-O Kh8 15.
Qd3 f5 16. Nd2 a5 17. Rfd1 Nd4 18. c3 bxc3 19. bxc3 Ne6 20. Nb3 fxe4 21. Qxe4
Ra7 22. Ra2 Raf7 23. f3 Bb7 24. Qe1 Nf4 25. Nc1 Bxd5 26. Bxd5 Qb6+ 27. Kh1 Nxd5
28. Rxd5 Bxc1 29. Qxc1 e4 30. Ra1 exf3 31. gxf3 Rxf3 32. Qg1 Qc6 33. Qd4 R8f4
34. Rb1 h6 35. Qd2 Rf1+ 36. Rxf1 Rxf1+ 37. Kg2 Rf5 38. c4 Rxd5 39. cxd5 Qxa4 40.
Qe2 Qd7 41. h3 Qf5 42. Qc4 Kh7 43. Qc6 Qe4+ 44. Kg3 a4 45. Qxd6 Qg6+ 0-1

[Event "37th ECC Open 2022"]
[Site "Mayrhofen AUT"]
[Date "2022.10.08"]
[Round "6.10"]
[Board "4"]
[White "Rozen, Eytan"]
[Black "Maenhout, Thibaut"]
[Result "1-0"]
[WhiteTitle "IM"]
[BlackTitle "IM"]
[WhiteElo "2462"]
[BlackElo "2397"]
[WhiteTeam "Kfar Saba Chess Club"]
[BlackTeam "KBSK Brugge"]
[WhiteFideId "2816750"]
[BlackFideId "205044"]
[EventDate "2022.10.03"]

1. e4 c5 2. Nf3 d6 3. Bb5+ Bd7 4. Bxd7+ Nxd7 5. O-O Ngf6 6. Qe2 e6 7. c3 Be7 8.
d4 O-O 9. e5 Ne8 10. Bf4 cxd4 11. cxd4 Nb6 12. Nc3 Nc7 13. Ne4 d5 14. Ng3 Qd7
15. b3 Rfc8 16. Nh5 Qb5 17. Qe3 Ne8 18. Bg5 Bxg5 19. Nxg5 h6 20. f4 hxg5 21.
fxg5 Rc7 22. Nf6+ Kf8 23. g6 gxf6 24. Qh6+ Ke7 25. g7 Nxg7 26. exf6+ Kd6 27.
fxg7 Qe8 28. Qf4+ Kd7 29. Qxf7+ Qxf7 30. Rxf7+ Kd6 31. Rxc7 Kxc7 32. Rf1 Rg8 33.
Rf7+ Nd7 34. h4 Kd8 35. h5 Ke8 36. Rxd7 Kxd7 37. h6 1-0

[Event "37th ECC Open 2022"]
[Site "Mayrhofen AUT"]
[Date "2022.10.08"]
[Round "6.10"]
[Board "5"]
[White "Boucquet, Emile"]
[Black "Mindlin, Alon"]
[Result "0-1"]
[WhiteTitle "CM"]
[BlackTitle "IM"]
[WhiteElo "2182"]
[BlackElo "2426"]
[WhiteTeam "KBSK Brugge"]
[BlackTeam "Kfar Saba Chess Club"]
[WhiteFideId "233161"]
[BlackFideId "2800071"]
[EventDate "2022.10.03"]

1. e4 e5 2. Nf3 Nc6 3. Nc3 Nf6 4. a4 Bb4 5. Bd3 d6 6. O-O Bg4 7. Nd5 Bc5 8. c3
a5 9. h3 Bh5 10. Bc2 h6 11. g4 Bg6 12. Nh4 Nxd5 13. Nxg6 Nxc3 14. bxc3 fxg6 15.
d4 exd4 16. e5 O-O 17. cxd4 Bxd4 18. Qd3 Nxe5 19. Qb3+ Kh8 20. Ra3 Bc5 21. Ra2
Rf3 22. Qb2 Qh4 23. Qa1 Rg3+ 24. Kh2 Qxh3# 0-1

[Event "37th ECC Open 2022"]
[Site "Mayrhofen AUT"]
[Date "2022.10.08"]
[Round "6.10"]
[Board "6"]
[White "Givon, Asaf"]
[Black "Geirnaert, Steven"]
[Result "1/2-1/2"]
[WhiteTitle "IM"]
[BlackTitle "IM"]
[WhiteElo "2434"]
[BlackElo "2399"]
[WhiteTeam "Kfar Saba Chess Club"]
[BlackTeam "KBSK Brugge"]
[WhiteFideId "2801841"]
[BlackFideId "203866"]
[EventDate "2022.10.03"]

1. e4 e5 2. Nf3 Nc6 3. Bb5 a6 4. Ba4 Nf6 5. d3 b5 6. Bb3 Bc5 7. Nc3 d6 8. Nd5 h6
9. c3 Rb8 10. d4 Ba7 11. Be3 Nxe4 12. O-O O-O 13. Re1 Nf6 14. Nxf6+ Qxf6 15.
dxe5 dxe5 16. Bxa7 Nxa7 17. Nxe5 Nc6 18. Nd7 Bxd7 19. Qxd7 Rbd8 20. Qxc7 Rd2 21.
Qg3 Na5 22. Rab1 Nxb3 23. axb3 Rfd8 24. h3 Rc2 25. Re3 Rdd2 26. Rf3 Qe6 27. b4
Rxb2 28. Rxb2 Rxb2 29. Qb8+ Kh7 30. Qf4 1/2-1/2

[Event "37th ECC Open 2022"]
[Site "Mayrhofen AUT"]
[Date "2022.10.08"]
[Round "6.11"]
[Board "1"]
[White "Pallardo Lozoya, Jose Vicente"]
[Black "Heberla, Bartlomiej"]
[Result "0-1"]
[WhiteTitle "IM"]
[BlackTitle "GM"]
[WhiteElo "2355"]
[BlackElo "2562"]
[WhiteTeam "Andreu Valencia Origin Chess"]
[BlackTeam "Moravská Slavia Brno"]
[WhiteFideId "2230380"]
[BlackFideId "1115120"]
[EventDate "2022.10.03"]

1. d4 Nf6 2. c4 c5 3. dxc5 e6 4. a3 Bxc5 5. Nf3 b6 6. e3 Bb7 7. Be2 Qc7 8. Nc3
a6 9. b3 Nc6 10. Bb2 O-O 11. g4 Nxg4 12. Rg1 f5 13. h3 Nf6 14. Qc2 Be7 15. O-O-O
b5 16. cxb5 Na5 17. b4 Nc4 18. Bxc4 Bxf3 19. Be2 Bxe2 20. Nxe2 Rfc8 21. Qxc7
Rxc7+ 22. Kb1 axb5 23. Rc1 Rb7 24. Rc2 Kf7 25. Nd4 Ne8 26. Nb3 Bf6 27. Rgc1 Bxb2
28. Kxb2 Nd6 29. Na5 Rba7 30. Rc7 Ke8 31. Rxa7 Rxa7 32. Kb3 Kd8 33. a4 Rc7 34.
Rg1 g6 35. h4 bxa4+ 36. Kxa4 Ne4 37. b5 Nc3+ 38. Kb4 Nd5+ 39. Ka4 Rc2 40. Ra1
Kc7 41. Kb3 Rc5 42. Nc4 Rxb5+ 43. Kc2 Rb4 44. Ne5 Kd6 45. Nf3 Nf6 46. Nd4 Ng4
47. Kc3 Rb8 48. Ra2 Rb1 49. Rd2 Ke7 50. Kd3 e5 51. Nc2 Rf1 52. f4 exf4 53. exf4
Rf3+ 54. Kd4 Rxf4+ 55. Kc5 Rf2 56. Rxf2 Nxf2 57. h5 gxh5 58. Kd4 Ng4 0-1

[Event "37th ECC Open 2022"]
[Site "Mayrhofen AUT"]
[Date "2022.10.08"]
[Round "6.11"]
[Board "2"]
[White "Neugebauer, Martin"]
[Black "Macias Pino, Diego"]
[Result "1-0"]
[WhiteTitle "IM"]
[BlackTitle "FM"]
[WhiteElo "2517"]
[BlackElo "2385"]
[WhiteTeam "Moravská Slavia Brno"]
[BlackTeam "Andreu Valencia Origin Chess"]
[WhiteFideId "14923432"]
[BlackFideId "24529133"]
[EventDate "2022.10.03"]

1. e4 c6 2. d4 d5 3. f3 e6 4. Nc3 Bb4 5. Bd2 Bxc3 6. Bxc3 dxe4 7. Nh3 exf3 8.
Qxf3 Qh4+ 9. g3 Qf6 10. Nf4 g5 11. O-O-O Ne7 12. d5 e5 13. Qe2 Bg4 14. Qxg4 gxf4
15. d6 Rg8 16. Qh3 Nd5 17. Rxd5 Nd7 18. Rd1 fxg3 19. hxg3 O-O-O 20. Bc4 Rdf8 21.
Kb1 Rg7 22. Rhf1 Qg5 23. Rde1 Kd8 24. Rf5 1-0

[Event "37th ECC Open 2022"]
[Site "Mayrhofen AUT"]
[Date "2022.10.08"]
[Round "6.11"]
[Board "3"]
[White "Llobell Cortell, Enrique"]
[Black "Polak, Tomas"]
[Result "0-1"]
[WhiteTitle "IM"]
[BlackTitle "GM"]
[WhiteElo "2380"]
[BlackElo "2502"]
[WhiteTeam "Andreu Valencia Origin Chess"]
[BlackTeam "Moravská Slavia Brno"]
[WhiteFideId "2216116"]
[BlackFideId "300560"]
[EventDate "2022.10.03"]

1. e4 c6 2. Nf3 d5 3. Nc3 Bg4 4. h3 Bxf3 5. Qxf3 e6 6. g3 g6 7. d4 Bg7 8. Be3
Nd7 9. Bg2 Ne7 10. h4 h6 11. Qe2 Nb6 12. Rd1 Qd7 13. O-O O-O 14. b3 dxe4 15.
Nxe4 Nf5 16. c3 Nxe3 17. Qxe3 Qe7 18. Rd2 Nd5 19. Qd3 Rad8 20. f4 f5 21. Nf2 c5
22. Re1 cxd4 23. cxd4 Qb4 24. Bxd5 Rxd5 25. Qe3 Rd6 26. Red1 Rfd8 27. d5 Kh7 28.
h5 gxh5 29. Qf3 h4 30. gxh4 Bf6 31. Kh1 Rg8 32. h5 exd5 33. Rxd5 Rxd5 34. Rxd5
Bd4 35. Rd7+ Kh8 36. Nd3 Qc3 37. Kh2 Qa1 38. Kh3 Bf6 39. Nf2 Qf1+ 40. Kh2 Qg1+
41. Kh3 Qf1+ 42. Kh2 Rg4 43. Rd1 Rh4+ 44. Kg3 Rh3+ 45. Nxh3 Bh4+ 46. Kxh4 Qxf3
47. Rg1 Qe2 48. a4 a5 49. Rg6 Qe1+ 50. Rg3 Qe7+ 51. Ng5 hxg5+ 52. Rxg5 Kh7 0-1

[Event "37th ECC Open 2022"]
[Site "Mayrhofen AUT"]
[Date "2022.10.08"]
[Round "6.11"]
[Board "4"]
[White "Kusa, Jakub"]
[Black "Vassallo Barroche, Mauricio"]
[Result "1/2-1/2"]
[WhiteTitle "FM"]
[BlackTitle "IM"]
[WhiteElo "2360"]
[BlackElo "2373"]
[WhiteTeam "Moravská Slavia Brno"]
[BlackTeam "Andreu Valencia Origin Chess"]
[WhiteFideId "395595"]
[BlackFideId "101648"]
[EventDate "2022.10.03"]

1. d4 d6 2. Nf3 g6 3. c4 Bg7 4. Nc3 Nf6 5. e4 O-O 6. Be2 e5 7. Be3 Na6 8. O-O c6
9. dxe5 dxe5 10. Qxd8 Rxd8 11. h3 Re8 12. Rfd1 Bf8 13. Bd3 Bc5 14. Bxc5 Nxc5 15.
Bc2 a5 16. b3 Nh5 17. a3 f6 18. b4 axb4 19. axb4 Rxa1 20. Rxa1 Na6 21. Rb1 Be6
22. b5 Nc5 23. bxc6 bxc6 24. Na4 Nxa4 25. Bxa4 Bxc4 26. Bxc6 Rc8 27. Bb7 Rc7 28.
g3 Ng7 29. Rc1 Rxb7 30. Rxc4 Ne6 31. Kg2 Kf7 32. Ne1 Rc7 1/2-1/2

[Event "37th ECC Open 2022"]
[Site "Mayrhofen AUT"]
[Date "2022.10.08"]
[Round "6.11"]
[Board "5"]
[White "Sos Andreu, Eric"]
[Black "Roubalik, Jakub"]
[Result "0-1"]
[WhiteTitle "IM"]
[WhiteElo "2353"]
[BlackElo "2372"]
[WhiteTeam "Andreu Valencia Origin Chess"]
[BlackTeam "Moravská Slavia Brno"]
[WhiteFideId "22247017"]
[BlackFideId "322237"]
[EventDate "2022.10.03"]

1. d4 Nf6 2. c4 e6 3. g3 d5 4. Nf3 dxc4 5. Bg2 a6 6. O-O Nc6 7. e3 Bd7 8. Qe2
Bd6 9. Qxc4 O-O 10. Nc3 b5 11. Qd3 e5 12. dxe5 Nxe5 13. Nxe5 Bxe5 14. Rd1 Bg4
15. f3 Be6 16. Qc2 Qe7 17. f4 Bxc3 18. Bxa8 Rxa8 19. Qxc3 Bg4 20. Qc6 Re8 21.
Rd4 Bf5 22. b4 Be4 23. Qc5 Qe6 24. Qg5 h6 25. f5 Qc6 26. Qf4 Qc3 27. Rxe4 Rxe4 0-1

[Event "37th ECC Open 2022"]
[Site "Mayrhofen AUT"]
[Date "2022.10.08"]
[Round "6.11"]
[Board "6"]
[White "Nemec, Jachym"]
[Black "Torres Sanchez, Jose"]
[Result "1-0"]
[WhiteTitle "FM"]
[BlackTitle "FM"]
[WhiteElo "2345"]
[BlackElo "2239"]
[WhiteTeam "Moravská Slavia Brno"]
[BlackTeam "Andreu Valencia Origin Chess"]
[WhiteFideId "23716525"]
[BlackFideId "2217210"]
[EventDate "2022.10.03"]

1. d4 g6 2. Nf3 Bg7 3. g3 c5 4. d5 d6 5. Bg2 Nf6 6. O-O O-O 7. Nc3 e5 8. e4 a6
9. a4 b6 10. Nd2 Ne8 11. Nc4 Ra7 12. f4 Nd7 13. Be3 Rb7 14. Qe2 Qe7 15. Bh3 Nef6
16. Rae1 h6 17. fxe5 Nxe5 18. Bxc8 Nxc4 19. Bxb7 Nxe3 20. Qxe3 Qxb7 21. Qf4 Qb8
22. e5 Nh5 23. Qd2 Bxe5 24. g4 Bd4+ 25. Kh1 Nf6 26. Qxh6 Nxg4 27. Qh4 Bxc3 28.
bxc3 Ne5 29. Re3 Qd8 30. Rf6 Kg7 31. Rh3 Ng4 32. c4 Nh6 33. Rxg6+ fxg6 34. Qxh6+
Kf7 35. Rf3+ Ke7 36. Qg7+ 1-0

[Event "37th ECC Open 2022"]
[Site "Mayrhofen AUT"]
[Date "2022.10.09"]
[Round "7.1"]
[Board "1"]
[White "Harikrishna, Pentala"]
[Black "Vachier-Lagrave, Maxime"]
[Result "1-0"]
[WhiteTitle "GM"]
[BlackTitle "GM"]
[WhiteElo "2717"]
[BlackElo "2747"]
[WhiteTeam "Novy Bor Chess club"]
[BlackTeam "Asnieres Le Grand Echiquier"]
[WhiteFideId "5007003"]
[BlackFideId "623539"]
[EventDate "2022.10.03"]

1. d4 Nf6 2. c4 g6 3. Nc3 d5 4. cxd5 Nxd5 5. e4 Nxc3 6. bxc3 Bg7 7. Nf3 c5 8. h3
O-O 9. Be2 cxd4 10. cxd4 Nc6 11. Be3 Qa5+ 12. Bd2 Qa3 13. d5 Ne5 14. Nxe5 Bxe5
15. Rb1 Bd7 16. Rxb7 Ba4 17. Qc1 Qxa2 18. Bc4 Qc2 19. O-O Qxc1 20. Rxc1 Rfb8 21.
Rxb8+ Rxb8 22. Ba6 Bb5 23. Bxb5 Rxb5 24. Kf1 f5 25. Bh6 Bg7 26. d6 Bxh6 27. d7
Bxc1 28. d8=Q+ Kf7 29. Qc8 Rb1 30. Qc4+ Kf8 31. Qc2 Ra1 32. exf5 Bg5+ 33. Ke2
Kg7 34. f4 Bh4 35. g3 Rg1 36. Qc3+ Bf6 37. Qe3 Rg2+ 38. Kf1 Rc2 39. g4 Rc3 40.
Qd2 Rxh3 41. g5 Bxg5 42. Qg2 Rh5 43. fxg5 gxf5 44. Qe2 Rxg5 45. Qxe7+ Kg6 46.
Qf8 a5 47. Qg8+ Kh6 48. Qf7 a4 49. Kf2 a3 50. Kf3 a2 51. Qxa2 Kg7 52. Qb2+ Kg8
53. Qb8+ Kg7 54. Qe5+ Kg8 55. Qe8+ Kg7 56. Qe7+ Kg6 57. Qf8 h6 58. Qg8+ Kf6 59.
Qh7 Rg4 60. Qxh6+ Ke7 61. Qh8 Ke6 62. Qf8 Re4 63. Qh6+ Kf7 64. Qg5 Ke6 65. Qg6+
Ke5 66. Qf7 Rf4+ 67. Ke3 Re4+ 68. Kd3 Rd4+ 69. Kc3 Re4 70. Qe7+ Kf4 71. Qf6 Kg4
72. Kd3 Kf4 73. Kd2 Kg4 74. Qh6 Ra4 75. Qg7+ Kf4 76. Ke2 Ra2+ 77. Kf1 Rc2 78.
Qd4+ Kg5 79. Qd3 Rc8 80. Kf2 Re8 81. Qd7 1-0

[Event "37th ECC Open 2022"]
[Site "Mayrhofen AUT"]
[Date "2022.10.09"]
[Round "7.1"]
[Board "2"]
[White "Esipenko, Andrey"]
[Black "Vidit, Santosh Gujrathi"]
[Result "1-0"]
[WhiteTitle "GM"]
[BlackTitle "GM"]
[WhiteElo "2668"]
[BlackElo "2710"]
[WhiteTeam "Asnieres Le Grand Echiquier"]
[BlackTeam "Novy Bor Chess club"]
[WhiteFideId "24175439"]
[BlackFideId "5029465"]
[EventDate "2022.10.03"]

1. e4 e5 2. Nf3 Nc6 3. Bc4 Nf6 4. d3 d5 5. exd5 Nxd5 6. O-O Be7 7. Re1 f6 8. d4
Nb6 9. Bb5 O-O 10. Bxc6 bxc6 11. h3 exd4 12. Nxd4 c5 13. Nc6 Qxd1 14. Nxe7+ Kf7
15. Rxd1 Kxe7 16. Be3 Kf7 17. Bxc5 Re8 18. b3 Bf5 19. c4 Bc2 20. Rc1 Bxb1 21.
Raxb1 Re2 22. a4 Nd7 23. Be3 a6 24. Rd1 Ne5 25. Rd5 Rb8 26. Rc5 Rb7 27. Rd1 Rxb3
28. Rxc7+ Kg6 29. Rd8 h5 30. Rg8 Nf7 31. Kh2 h4 32. Rd7 Kh7 33. Rc8 Ne5 34. Rd1
Ra3 35. c5 Rc2 36. Rc1 Rxc1 37. Bxc1 Rxa4 38. Be3 Nc4 39. Bf4 g5 40. Bb8 Nd2 41.
c6 Ra1 42. g4 hxg3+ 43. fxg3 Ra2 44. Kg2 Nb3+ 45. Kf1 Nd2+ 46. Ke1 Nf3+ 47. Kd1
Ra1+ 48. Kc2 Nd4+ 49. Kb2 Rf1 50. c7 Rf2+ 51. Kc1 Nb5 52. Rh8+ Kxh8 53. c8=Q+
Kg7 54. Qxa6 1-0

[Event "37th ECC Open 2022"]
[Site "Mayrhofen AUT"]
[Date "2022.10.09"]
[Round "7.1"]
[Board "3"]
[White "Wojtaszek, Radoslaw"]
[Black "Moussard, Jules"]
[Result "1/2-1/2"]
[WhiteTitle "GM"]
[BlackTitle "GM"]
[WhiteElo "2693"]
[BlackElo "2686"]
[WhiteTeam "Novy Bor Chess club"]
[BlackTeam "Asnieres Le Grand Echiquier"]
[WhiteFideId "1118358"]
[BlackFideId "642908"]
[EventDate "2022.10.03"]

1. d4 Nf6 2. c4 e6 3. Nf3 d5 4. g3 Bb4+ 5. Bd2 Be7 6. Bg2 O-O 7. O-O c6 8. Qc2
Nbd7 9. Bf4 b6 10. cxd5 cxd5 11. Rc1 Bb7 12. Bc7 Qe8 13. Qb3 Ne4 14. Nc3 Nxc3
15. Rxc3 Nf6 16. Rac1 Ba6 17. Qd1 Ne4 18. R3c2 Nd6 19. Ne5 Rc8 20. Bxd6 Bxd6 21.
Rxc8 Bxc8 22. Qc2 Bb7 23. Nc4 Bb8 24. Ne5 Bd6 25. Nc4 Bb8 26. Ne5 Bd6 1/2-1/2

[Event "37th ECC Open 2022"]
[Site "Mayrhofen AUT"]
[Date "2022.10.09"]
[Round "7.1"]
[Board "4"]
[White "Alekseenko, Kirill"]
[Black "Navara, David"]
[Result "1/2-1/2"]
[WhiteTitle "GM"]
[BlackTitle "GM"]
[WhiteElo "2691"]
[BlackElo "2676"]
[WhiteTeam "Asnieres Le Grand Echiquier"]
[BlackTeam "Novy Bor Chess club"]
[WhiteFideId "4135539"]
[BlackFideId "309095"]
[EventDate "2022.10.03"]

1. e4 e5 2. Nf3 Nc6 3. Bb5 Nf6 4. d3 Bc5 5. Bxc6 dxc6 6. Nbd2 Nd7 7. O-O O-O 8.
Nc4 Re8 9. a4 Bf8 10. Kh1 c5 11. Be3 f6 12. Nh4 g6 13. Qd2 Nb6 14. Na5 g5 15.
Nf5 Bxf5 16. exf5 Rb8 17. Qc3 Kh8 18. Nb3 Nd5 19. Qc4 b6 20. Nd2 Qd7 21. g4 c6
22. Kg2 h5 23. h4 e4 24. Nxe4 hxg4 25. hxg5 Qxf5 26. Rh1+ Kg7 27. gxf6+ Kg6 28.
Kg1 b5 29. axb5 cxb5 30. Qa2 a5 31. Ng3 Qe6 32. Qxa5 Nxe3 33. Qc7 Qf7 34. Qxf7+
Kxf7 35. fxe3 Rxe3 36. Ne4 c4 37. Kf2 Rf3+ 38. Ke2 cxd3+ 39. cxd3 Re8 40. Ra7+
Kg6 41. Rh4 Kf5 42. Rb7 Rd8 43. Rxb5+ Kf4 44. Rg5 Re3+ 45. Kf2 Rf3+ 46. Kg2 Rg3+
47. Nxg3 Kxg5 48. Rh5+ Kxf6 49. Ne4+ Ke6 50. Rh8 Be7 51. Rxd8 Bxd8 52. Kg3 Kd5
53. b4 Kd4 54. Nc5 Be7 55. Ne6+ Kxd3 56. b5 Kc4 57. b6 Kd5 58. Kxg4 1/2-1/2

[Event "37th ECC Open 2022"]
[Site "Mayrhofen AUT"]
[Date "2022.10.09"]
[Round "7.1"]
[Board "5"]
[White "Grandelius, Nils"]
[Black "Movsesian, Sergei"]
[Result "1/2-1/2"]
[WhiteTitle "GM"]
[BlackTitle "GM"]
[WhiteElo "2651"]
[BlackElo "2619"]
[WhiteTeam "Novy Bor Chess club"]
[BlackTeam "Asnieres Le Grand Echiquier"]
[WhiteFideId "1710400"]
[BlackFideId "310204"]
[EventDate "2022.10.03"]

1. d4 Nf6 2. Nf3 d5 3. c4 c6 4. Nc3 a6 5. e3 Bf5 6. Ne5 h6 7. Qb3 Ra7 8. cxd5
cxd5 9. Bd2 e6 10. Rc1 Nbd7 11. Bb5 Bd6 12. Bxd7+ Nxd7 13. Nxd7 Kxd7 14. Na4 b5
15. Nc5+ Bxc5 16. Rxc5 Qg5 17. Kf1 Rc8 18. Rxc8 Kxc8 19. Ba5 Kd7 20. Qc3 Rb7 21.
a3 Bg6 22. f3 Qf5 23. Ke2 Qc2+ 24. Qxc2 Bxc2 25. Rc1 Bg6 26. g4 h5 27. h3 f6 28.
Rg1 Ke8 29. Rc1 Kd7 30. Rg1 Ke8 31. g5 fxg5 32. Rxg5 Kf7 33. Rg1 h4 34. Rc1 Bf5
35. Bd8 b4 36. a4 b3 37. Bxh4 Rb4 38. a5 Rc4 1/2-1/2

[Event "37th ECC Open 2022"]
[Site "Mayrhofen AUT"]
[Date "2022.10.09"]
[Round "7.1"]
[Board "6"]
[White "Cornette, Matthieu"]
[Black "Anton Guijarro, David"]
[Result "0-1"]
[WhiteTitle "GM"]
[BlackTitle "GM"]
[WhiteElo "2572"]
[BlackElo "2655"]
[WhiteTeam "Asnieres Le Grand Echiquier"]
[BlackTeam "Novy Bor Chess club"]
[WhiteFideId "620084"]
[BlackFideId "2285525"]
[EventDate "2022.10.03"]

1. e4 e5 2. Nf3 Nc6 3. Bc4 Nf6 4. d3 Bc5 5. Nc3 h6 6. O-O O-O 7. h3 a6 8. Be3 d6
9. Bxc5 dxc5 10. a4 Qd6 11. Nd5 Nxd5 12. Bxd5 Ne7 13. Bb3 Ng6 14. Nd2 Qf6 15.
Kh2 Nf4 16. Qf3 Qg5 17. Qg3 Qe7 18. Qe3 b6 19. Nf3 Rd8 20. Rad1 Qf6 21. Ng1 Be6
22. Bxe6 Nxe6 23. g3 b5 24. a5 Rd7 25. c3 Rad8 26. f4 c4 27. fxe5 Qg5 28. Qxg5
Nxg5 29. d4 Nxe4 30. e6 fxe6 31. Rde1 Nd2 32. Rf2 Nb3 33. Rxe6 Rd6 34. Re7 R6d7
35. Re6 c5 36. Rxa6 cxd4 37. cxd4 Rxd4 38. Rb6 Rd2 39. Kg2 Rxf2+ 40. Kxf2 Rd2+
41. Ke3 Rxb2 42. Rxb5 Ra2 43. Nf3 Kh7 44. Ne5 Nxa5 45. Rc5 Ra3+ 46. Kf4 c3 47.
Rc7 Rb3 48. Nf3 Rb4+ 49. Ke3 Nc4+ 50. Kd3 Nd6 51. Rxc3 Ne4 52. Rc4 Nf2+ 53. Kd4
Rxc4+ 54. Kxc4 Nxh3 55. Kd3 Kg6 56. Ke3 Kf5 57. Nh2 h5 58. Kf3 Ng5+ 59. Ke3 Nf7
60. Kf3 Ne5+ 61. Kg2 Ke4 62. Nf1 Kd3 63. g4 Nxg4 64. Kh3 g6 65. Kh4 Ne3 66. Nh2
Ke2 67. Kg5 Kf2 68. Kf4 Nd5+ 69. Ke4 Kg3 70. Nf3 Nf6+ 0-1

[Event "37th ECC Open 2022"]
[Site "Mayrhofen AUT"]
[Date "2022.10.09"]
[Round "7.2"]
[Board "1"]
[White "Maghsoodloo, Parham"]
[Black "Carlsen, Magnus"]
[Result "1/2-1/2"]
[WhiteTitle "GM"]
[BlackTitle "GM"]
[WhiteElo "2721"]
[BlackElo "2856"]
[WhiteTeam "Clichy-Echecs-92"]
[BlackTeam "Offerspill Chess Club"]
[WhiteFideId "12539929"]
[BlackFideId "1503014"]
[EventDate "2022.10.03"]

1. d4 Nf6 2. c4 e6 3. Nc3 d5 4. cxd5 exd5 5. Bg5 c6 6. e3 h6 7. Bh4 Be7 8. Bd3
O-O 9. Nge2 Ne8 10. Bg3 Nd6 11. O-O Re8 12. Qc2 Bf8 13. Rae1 a5 14. Nf4 Na6 15.
a3 Qf6 16. f3 b5 17. Bf2 Nc4 18. g3 Qd8 19. e4 b4 20. exd5 Rxe1 21. Rxe1 Nd6 22.
Na4 cxd5 23. Nxd5 Rb8 24. Nc5 Nb5 25. Bxb5 Rxb5 26. Qc4 Rb8 27. a4 Nxc5 28. dxc5
Bb7 29. c6 Rc8 30. Bb6 Qd6 31. Bc7 Qc5+ 32. Qxc5 Bxc5+ 33. Kg2 Bxc6 34. Rc1 Bxd5
35. Rxc5 Bb3 36. Bb6 Rxc5 37. Bxc5 Bxa4 38. Bb6 Bc6 39. Bxa5 b3 1/2-1/2

[Event "37th ECC Open 2022"]
[Site "Mayrhofen AUT"]
[Date "2022.10.09"]
[Round "7.2"]
[Board "2"]
[White "Tari, Aryan"]
[Black "Van Foreest, Jorden"]
[Result "1/2-1/2"]
[WhiteTitle "GM"]
[BlackTitle "GM"]
[WhiteElo "2656"]
[BlackElo "2694"]
[WhiteTeam "Offerspill Chess Club"]
[BlackTeam "Clichy-Echecs-92"]
[WhiteFideId "1510045"]
[BlackFideId "1039784"]
[EventDate "2022.10.03"]

1. e4 e5 2. Nf3 Nc6 3. Bc4 Nf6 4. d3 h6 5. Nc3 Bb4 6. O-O Bxc3 7. bxc3 O-O 8.
Re1 d6 9. Bb3 Re8 10. Nd2 Be6 11. Bxe6 Rxe6 12. c4 Ne7 13. Nf1 c6 14. Rb1 b6 15.
Bb2 Ng6 16. d4 Qc8 17. d5 Re8 18. Ba3 Qa6 19. Qd3 Nf4 20. Qb3 cxd5 21. exd5 Rad8
22. Bc1 Rc8 23. Bxf4 exf4 24. Nd2 Nd7 25. h3 Qa5 26. c3 Nc5 27. Qc2 Qa4 28. Qxa4
Nxa4 29. Rxe8+ Rxe8 30. Kf1 Nxc3 31. Rb3 Ne4 32. Nxe4 Rxe4 33. Ra3 Re7 34. Ra6
Kf8 35. a4 Rc7 36. Ke2 Rxc4 37. Rxa7 Ke8 38. Kf3 g5 39. Kg4 Rc2 40. Kf3 Ra2 41.
Rb7 Ra3+ 42. Kg4 f3 43. g3 Rxa4+ 44. Kxf3 Rd4 45. Rxb6 Rxd5 46. Kg4 Kf8 47. Kh5
Kg7 48. h4 gxh4+ 49. Kxh4 Kg6 50. g4 Rd4 51. Rb5 d5 52. f4 Kg7 53. Ra5 Rd1 54.
g5 d4 55. gxh6+ Kxh6 56. Ra6+ Kg7 57. Kg5 d3 58. Rd6 d2 1/2-1/2